000 00378nam a2200145Ia 4500
008 230917s9999||||xx |||||||||||||| ||und||
040 _e3808
_aMAIN
041 _aEnglish
082 _a320.9 K168P
100 _aKautsky, John H, ed.
245 0 _aPolitical change in underdeveloped countries
260 _aNew York
_bJohn Wiley
_c1966
300 _axiii, 347 p.
942 _cBK
999 _c181318
_d181318